Les joueurs qui ont joués le + plus de matchs en LDC sans la gagner. - Statistiques

Statistiques générales
  • Ce quiz a été pris 197 fois
  • Le résultat moyen est 6 sur 10
Statistiques - réponses
Matchs
en LDC
Joueurs Clubs % Correct
124 Zlatan Ibrahimovic AjaxJuve Inter Barça Milan PSG Man United Milan
95%
103 Antoine Griezmann Real SociedadAtletico Barça Atletico
93%
124 Gianluigi Buffon ParmeJuve PSG Juve
75%
100 Marquinhos PSG
73%
90 Mats Hummels DortmundBayern Dortmund
62%
102 Koke Atletico
59%
104 Cesc Fabregas ArsenalBarça Chelsea Monaco
55%
92 Jan Oblak Atletico
55%
93 Michael Ballack KaiserslauternLeverkusen Bayern Chelsea Leverkusen
41%
103 Fernandinho ShakhtarMan City
35%
Aucun quiz correspondant
Distribution des résultats
% des personnes avec chaque résultat
Percentile par nombre de réponses
Votre historique - résultats
Vous n’avez pas pris ce quiz